Влияние сопутствующих элементов на экстракцию серебра тиосемикарбазидом в расплаве стеариновой кислоты; Известия Томского политехнического университета [Известия ТПУ]; Т. 320, № 3 : Химия
| Parent link: | Известия Томского политехнического университета [Известия ТПУ]/ Томский политехнический университет (ТПУ).— , 2000- Т. 320, № 3 : Химия.— 2012.— [С. 67-69] |
|---|---|
| 1. Verfasser: | |
| Weitere Verfasser: | , |
| Zusammenfassung: | Заглавие с титульного листа Электронная версия печатной публикации Изучено влияние ряда факторов на степень экстракции катионов меди (II), цинка (II), свинца (II), сопутствующих катиону серебра (I) в полиметаллических рудах, тиосемикарбазидом в расплаве стеариновой кислоты. Определены оптимальные условия их количественного извлечения. Для отделения катионов указанных металлов от катиона серебра могут быть использованы различия в значениях рН растворов при оптимальных условиях экстракции. Результаты подтверждены анализами искусственных смесей. |
| Sprache: | Russisch |
| Veröffentlicht: |
2012
|
| Schriftenreihe: | Химия |
| Schlagworte: | |
| Online-Zugang: | http://earchive.tpu.ru/bitstream/11683/4165/1/bulletin_tpu-2012-320-3-14.pdf |
| Format: | MixedMaterials Elektronisch Buchkapitel |
| KOHA link: | https://koha.lib.tpu.ru/cgi-bin/koha/opac-detail.pl?biblionumber=216999 |
MARC
| LEADER | 00000naa2a2200000 4500 | ||
|---|---|---|---|
| 001 | 216999 | ||
| 005 | 20260414152121.0 | ||
| 035 | |a (RuTPU)RU\TPU\book\236975 | ||
| 035 | |a RU\TPU\book\236973 | ||
| 090 | |a 216999 | ||
| 100 | |a 20120530d2012 k y0rusy50 ca | ||
| 101 | 0 | |a rus | |
| 102 | |a RU | ||
| 135 | |a drnn ---uucaa | ||
| 181 | 0 | |a i | |
| 182 | 0 | |a b | |
| 200 | 1 | |a Влияние сопутствующих элементов на экстракцию серебра тиосемикарбазидом в расплаве стеариновой кислоты |f К. С. Тосмаганбетова, С. С. Досмагамбетова, А. К. Ташенов | |
| 203 | |a Текст |c электронный | ||
| 215 | |a 1 файл (83 Кб) | ||
| 225 | 1 | |a Химия | |
| 300 | |a Заглавие с титульного листа | ||
| 300 | |a Электронная версия печатной публикации | ||
| 320 | |a [Библиогр.: с. 69 (5 назв.)] | ||
| 330 | |a Изучено влияние ряда факторов на степень экстракции катионов меди (II), цинка (II), свинца (II), сопутствующих катиону серебра (I) в полиметаллических рудах, тиосемикарбазидом в расплаве стеариновой кислоты. Определены оптимальные условия их количественного извлечения. Для отделения катионов указанных металлов от катиона серебра могут быть использованы различия в значениях рН растворов при оптимальных условиях экстракции. Результаты подтверждены анализами искусственных смесей. | ||
| 337 | |a Adobe Reader | ||
| 461 | 1 | |0 (RuTPU)RU\TPU\book\176237 |t Известия Томского политехнического университета [Известия ТПУ] |f Томский политехнический университет (ТПУ) |d 2000- | |
| 463 | 1 | |0 (RuTPU)RU\TPU\book\236341 |x 1684-8519 |t Т. 320, № 3 : Химия |v [С. 67-69] |d 2012 | |
| 610 | 1 | |a серебро | |
| 610 | 1 | |a медь | |
| 610 | 1 | |a цинк | |
| 610 | 1 | |a свинец | |
| 610 | 1 | |a стеариновая кислота | |
| 610 | 1 | |a тиосемикарбазиды | |
| 610 | 1 | |a экстракция | |
| 610 | 1 | |a экстракты | |
| 610 | 1 | |a степень экстракции | |
| 610 | 1 | |a коэффициент распределения | |
| 610 | 1 | |a селективность | |
| 610 | 1 | |a спектр диффузного отражения | |
| 610 | 1 | |a электронный ресурс | |
| 700 | 1 | |a Тосмаганбетова |b К. С. | |
| 701 | 1 | |a Досмагамбетова |b С. С. | |
| 701 | 1 | |a Ташенов |b А. К. | |
| 801 | 1 | |a RU |b 63413507 |c 20090623 |g PSBO | |
| 801 | 2 | |a RU |b 63413507 |c 20190516 |g PSBO | |
| 856 | 4 | |u http://earchive.tpu.ru/bitstream/11683/4165/1/bulletin_tpu-2012-320-3-14.pdf | |
| 942 | |c CF | ||